000 01026cad a22001815a 4500
001 E152723
008 110418s2010 xxk f 000 0 eng d
035 _a(Sirsi) u152723
041 0 _aeng
110 2 _aChangeworks
_95935
245 0 0 _aDouble glazing in listed buildings
_h[electronic resource]
260 _aEdinburgh
_bChangeworks
_c2010
520 _aA report prepared for Edinburgh City Council which discusses a Historic Scotland-supported project to install double glazing units into historic buildings in Edinburgh. Looks at the specification of the units, their thermal performance, the impact on residents and costs. Makes recommendations such glazing should be acceptable in historic buildings.
651 4 _aScotland
_y1999-
690 _aENVIRONMENTAL AND LAND CONSULTANCY-ENERGY-ENERGY USE-ENERGY EFFICIENCY
856 4 0 _uhttps://www.changeworks.org.uk/uploads/Double_Glazing_In_Listed_Building_-_Project_Report_(Changeworks_2010).pdf
_zView the report free of charge at www.changeworks.org.uk
942 _n0
999 _c112184
_d112184